000 00214nam a2200109Ia 4500
100 _a#N/A
942 _cBK
654 _agmat
245 _aGMAT _ Test Prep -Windows/ Macintosh
260 _b#N/A
546 _aENGLISH
999 _c19914
_d19914